Fotbalový král. Handa válí /
Další vyprávění z fotbalového prostředí o Pépim a jeho kamarádech. Ale co se stane, když začne holka hrát fotbal za kluky?
Uloženo v:
| Série: | Fotbalový král,
část 5 |
|---|---|
| Hlavní autor: | |
| Další autoři: | |
| Médium: | E-kniha |
| Jazyk: | Czech |
| Vydáno: |
V Praze :
Mladá fronta,
2025
|
| Vydání: | 1. vydání |
| Témata: | |
| Příbuzné jednotky: | Z cyklu::
Fotbalový král |
| Tagy: |
Žádné tagy |
| LEADER | 02394nam a2200469 i 4500 | ||
|---|---|---|---|
| 001 | 312708 | ||
| 003 | CZ PrSKC | ||
| 005 | 20260601215727.0 | ||
| 007 | ta | ||
| 008 | 250417s2025 xr a b 000 j cze | ||
| 015 | |a cnb003681966 | ||
| 020 | |a 9788020464545 |q (vázáno) : |c Kč 269,00 | ||
| 035 | |a (OCoLC)1523000354 | ||
| 040 | |a ABG001 |b cze |e rda | ||
| 072 | 7 | |a 821.162.3-3 |x Česká próza |2 Konspekt | |
| 072 | 7 | |a 821-93 |x Literatura pro děti a mládež (beletrie) |2 Konspekt | |
| 080 | |a 821.162.3-32 |2 MRF | ||
| 080 | |a 821-93 |2 MRF | ||
| 080 | |a (0:82-32) |2 MRF | ||
| 100 | 1 | |a Žáček, Jan, |d 1963- |7 xx0001354 |4 aut | |
| 245 | 1 | 0 | |a Fotbalový král. |p Handa válí / |c Jan Žáček ; ilustroval Pavel "pavlatoar" Kučera |
| 246 | 3 | 0 | |a Handa válí |
| 250 | |a 1. vydání | ||
| 264 | 1 | |a V Praze : |b Mladá fronta, |c 2025 | |
| 300 | |a 159 stran : |b ilustrace ; |c 22 cm | ||
| 336 | |a text |b txt |2 rdacontent | ||
| 337 | |a bez média |b n |2 rdamedia | ||
| 338 | |a svazek |b nc |2 rdacarrier | ||
| 520 | 2 | |a Další vyprávění z fotbalového prostředí o Pépim a jeho kamarádech. Ale co se stane, když začne holka hrát fotbal za kluky? |b Hanička začala hrát fotbal jenom kvůli Pépimu, ale do toho kulatého nesmyslu se zamilovala až po uši a snaží se hrát co nejlépe. Rozhodla se že bude - na rozdíl od Pépiho - hrát za Slavii. A protože hraje skvěle, nastupuje střídavě za kluky a za holky. Je lepší Pépi, nebo Handa? Boj o pohár je za dveřmi. Nakladatelská anotace. Kráceno. | |
| 521 | 8 | |a Pro čtenáře od 7 let | |
| 655 | 7 | |a české příběhy |7 fd133973 |2 czenas | |
| 655 | 7 | |a publikace pro děti |7 fd133156 |2 czenas | |
| 655 | 9 | |a Czech stories |2 eczenas | |
| 655 | 9 | |a children's literature |2 eczenas | |
| 700 | 1 | |a Kučera, Pavel, |d 1984- |7 mzk2016933084 |4 ill | |
| 787 | 0 | 8 | |i Z cyklu: |t Fotbalový král |g 5 |
| 900 | |a ABA001 |b 21 | ||
| 928 | 9 | |a Albatros Media - Mladá fronta | |
| 044 | |a xr | ||
| 910 | |a RBIT002 | ||
| 998 | |d 420114 |a https://core.palmknihy.cz/api/books/420114/cover?svdgky |b https://core.palmknihy.cz/api/books/420114/cover/400?svdgky |c https://core.palmknihy.cz/api/books/420114/cover/50?svdgky |e 2034-12-31 |g 160 |i 9788020464545 |j https://core.palmknihy.cz/api/books/420114/preview.epub |k https://core.palmknihy.cz/api/books/420114/preview.pdf |l |q 49 |r 1 |s https://www.palmknihy.cz/kniha/420114 |t ebook |y 2025 |z 0 |v Fotbalový král |w 5 | ||
| 999 | |d 312706 | ||